000 01331nam a2200349 i 4500
003 EG-GICUC
005 20260125222658.0
008 260125s2005 ua ||||fr|||| 00| 0 ara d
017 _a1991/4492
020 _a977514714x
040 _a EG-GICUC
_bara
_c EG-GICUC
_d EG-GICUC
_erda
041 0 _aara
082 0 4 _a343.254
_bع ب . ج
_221
092 0 4 _221
099 _aLaw1 10 343.254 ع ب . ج 3 ed - 2005 1004982
100 0 _aعبد الوهاب عمر البطراوي.
_eمؤلف.
245 1 0 _aجريمة الزنا بين اليهودية والمسيحية والإسلام /
_cدكتور عبد الوهاب عمر البطراوي.
250 _aالطبعة ثالثة،
264 1 _aالقاهرة :
_bعبد الوهاب عمر البطراوي،
_c2005.
300 _a512 صفحة ؛
_c24 سم.
_bإيضاحيات، صور، مثيليات ؛
336 _2rda content
_atext
337 _2rda media
_aComputer
338 _2rda carrier
_aOnline Resource
504 _aيشتمل على ارجاعات ببليوجرافية.
546 _aالنص باللغة العربية
650 1 4 _aالزنا.
_2qrmak
650 1 4 _aالقانون الجنائي.
_2qrmak
651 1 _2qrmak
856 4 0 _uhttps://fll.law.cu.edu.eg/fulltext/bks/B10-04982.pdf
905 _a18
942 _2ddc
_cBK
_e21
_n0
999 _c59424
_d59424